000 00608nam a2200217Ia 4500
003 OSt
005 20220926024723.0
006 a|||||r|||| 00| 0
007 ta
008 220923b |||||||| |||| 00| 0 eng d
037 _cGeneral Book
040 _aRTL
_cRTL
_beng
041 _2eng
_aeng
082 _aX:31.433.N6, K8
100 _aUsher Dan
_9252348
245 0 _aPrice mechanism and the meaning of national income
260 _aOxford
_bClarendon Press
_c1968
300 _axxiii,180p
_ccm.
942 _hX:31.433.N6, K8
_cGB
_2CC
999 _c645345
_d645345